000 00472cam a2200193ua 4500
001 1012
008 110426n ii |||gr||||Z||||||eng
040 _cMAIN
082 _a343.074
245 1 _aBharatar gramunnayan.
_cBy Nabin Gohain
250 _a1st.
260 _aJorhat.:
_bBidya bhavan.,
_c2010.
300 _a426 p.:
_c20 cm.
653 _aPolitical science.
653 _aBharatar gramunnayan.
700 _aGohain, Nabin.,
700 _aDas, Dipen,
942 _cBK
999 _c931
_d931